[Event "IBCA EU-chT blind 03rd"]
[Site "Genova"]
[Date "2023.04.22"]
[Round "3.1"]
[White "Tazbir, Marcin"]
[Black "Dimic, Pavle"]
[Result "1-0"]
[WhiteElo "2503"]
[BlackElo "2349"]
[PlyCount "65"]
[EventDate "2023.04.20"]
[EventType "team-swiss"]
[EventRounds "9"]
[EventCountry "ITA"]
[SourceTitle "CBM 213 Extra"]
[Source "ChessBase"]
[SourceDate "2023.05.31"]
[SourceVersion "1"]
[SourceVersionDate "2023.05.31"]
[SourceQuality "1"]
[WhiteTeam "Poland"]
[BlackTeam "Serbia"]
[WhiteTeamCountry "POL"]
[BlackTeamCountry "SRB"]

1. e4 c5 2. Nf3 d6 3. Bb5+ Bd7 4. Bxd7+ Qxd7 5. c4 Nf6 6. Nc3 g6 7. d4 cxd4 8. Nxd4 Bg7 9. f3 Nc6 10. Be3 0-0 11. 0-0 a6 12. Nb3 e6 13. Qe2 Qc7 14. Rac1 Na5 15. Nxa5 Qxa5 16. Rfd1 Qc7 17. Qd3 Rfd8 18. Na4 Qc6 19. b3 b5 20. Nb6 Rab8 21. cxb5 Qxb5 22. Qxb5 axb5 23. a4 bxa4 24. bxa4 d5 25. a5 Nd7 26. exd5 Nxb6 27. Bxb6 Rxd5 28. Rxd5 exd5 29. Rc6 Bf8 30. Kf1 Ra8 31. Bc7 Bb4 32. a6 Re8 33. Rb6 1-0

[Event "IBCA EU-chT blind 03rd"]
[Site "Genova"]
[Date "2023.04.21"]
[Round "2.1"]
[White "Dimic, Pavle"]
[Black "Kolpakov, Vladyslav"]
[Result "1-0"]
[WhiteElo "2349"]
[BlackElo "2248"]
[PlyCount "123"]
[EventDate "2023.04.20"]
[EventType "team-swiss"]
[EventRounds "9"]
[EventCountry "ITA"]
[SourceTitle "CBM 213 Extra"]
[Source "ChessBase"]
[SourceDate "2023.05.31"]
[SourceVersion "1"]
[SourceVersionDate "2023.05.31"]
[SourceQuality "1"]
[WhiteTeam "Serbia"]
[BlackTeam "Ukraine"]
[WhiteTeamCountry "SRB"]
[BlackTeamCountry "UKR"]

1. d4 Nf6 2. Nf3 g6 3. c4 Bg7 4. g3 0-0 5. Bg2 c6 6. Nc3 d5 7. cxd5 cxd5 8. Ne5 e6 9. 0-0 Nfd7 10. f4 Qb6 11. Na4 Qa6 12. Be3 f6 13. Nd3 Nc6 14. Rc1 Ne7 15. g4 Nb6 16. Nac5 Qb5 17. a4 Qe8 18. b3 a5 19. h3 Kh8 20. Bf2 Nc6 21. e3 Nd7 22. Nxd7 Bxd7 23. Bg3 Qe7 24. Rf2 Rfc8 25. Rfc2 Bf8 26. Be1 Qe8 27. Nc5 b6 28. Nxd7 Qxd7 29. Bf1 Ba3 30. Bb5 Bxc1 31. Qxc1 Ra7 32. Bxc6 Qe7 33. Bb5 Rac7 34. Rxc7 Rxc7 35. Qb2 Qf8 36. Bd3 Kg7 37. b4 axb4 38. Qxb4 Qxb4 39. Bxb4 Ra7 40. Bb5 Rc7 41. Kg2 Kf7 42. Kg3 Rc1 43. Bd6 Rc8 44. Kf3 h5 45. Bb4 Rc1 46. Bd6 Rc8 47. g5 f5 48. h4 Kg7 49. Ke2 Kf7 50. Kd3 Kg7 51. Ba3 Kf7 52. Bb2 Ke7 53. Bc3 Kd8 54. Kc2 Rc7 55. Kb3 Rc8 56. Bd2 Ra8 57. Kb4 Rc8 58. Bd3 Kc7 59. Ba6 Rb8 60. Kb5 Kd7 61. Bb4 Kc7 62. Be7 1-0

[Event "Belgrade-chT Quality"]
[Site "Belgrade"]
[Date "2022.10.09"]
[Round "8.1"]
[White "Dimic, Pavle"]
[Black "Damjanovic, Vladimir"]
[Result "1/2-1/2"]
[WhiteElo "2352"]
[BlackElo "2393"]
[PlyCount "81"]
[EventDate "2022.10.01"]
[EventType "team-tourn"]
[EventRounds "11"]
[EventCountry "SRB"]
[SourceTitle "EXT 2024"]
[Source "ChessBase"]
[SourceDate "2023.10.10"]
[SourceVersion "1"]
[SourceVersionDate "2023.10.10"]
[SourceQuality "1"]
[WhiteTeam "Belgrade Napredak"]
[BlackTeam "Belgrade Itaka"]
[WhiteTeamCountry "SRB"]
[BlackTeamCountry "SRB"]

1. d4 Nc6 2. Nf3 d5 3. c4 Bg4 4. Nc3 e6 5. cxd5 exd5 6. Bf4 Bd6 7. Bg3 f5 8. Ne5 Bxe5 9. Bxe5 Nxe5 10. dxe5 Ne7 11. Qd4 Nc6 12. Qxd5 Qxd5 13. Nxd5 0-0-0 14. 0-0-0 Nxe5 15. f3 Bh5 16. Ne7+ Kb8 17. Rxd8+ Rxd8 18. Nxf5 Bf7 19. b3 a5 20. e4 a4 21. bxa4 Bxa2 22. Be2 Bb3 23. f4 Nd7 24. Bd1 Nc5 25. Bxb3 Nxb3+ 26. Kc2 Nd4+ 27. Nxd4 Rxd4 28. Re1 Rxa4 29. Kb3 b5 30. f5 h5 31. e5 Kc8 32. e6 Kd8 33. Rd1+ Ke8 34. Rd7 Rf4 35. Rxc7 Rxf5 36. Rxg7 Kf8 37. e7+ Ke8 38. Kc3 Rf4 39. g3 Rc4+ 40. Kb3 h4 41. gxh4 1/2-1/2

[Event "Belgrade-chT Quality"]
[Site "Belgrade"]
[Date "2022.10.05"]
[Round "5.1"]
[White "Milanovic, Danilo"]
[Black "Dimic, Pavle"]
[Result "0-1"]
[WhiteElo "2403"]
[BlackElo "2352"]
[PlyCount "66"]
[EventDate "2022.10.01"]
[EventType "team-tourn"]
[EventRounds "11"]
[EventCountry "SRB"]
[SourceTitle "CBM 210 Extra"]
[Source "ChessBase"]
[SourceDate "2022.11.30"]
[SourceVersion "1"]
[SourceVersionDate "2022.11.30"]
[SourceQuality "1"]
[WhiteTeam "Belgrade Mladenovac"]
[BlackTeam "Belgrade Napredak"]
[WhiteTeamCountry "SRB"]
[BlackTeamCountry "SRB"]

1. d4 Nf6 2. Nf3 g6 3. Nbd2 Bg7 4. e4 d6 5. Bb5+ Nfd7 6. 0-0 0-0 7. Re1 e5 8. c3 a6 9. Bf1 Nc6 10. Nb3 Re8 11. a4 a5 12. Bg5 f6 13. Bd2 Ne7 14. c4 c5 15. d5 b6 16. g3 f5 17. Ng5 Nf6 18. exf5 gxf5 19. Qc2 h6 20. Nh3 f4 21. gxf4 Bf5 22. Qc3 e4 23. Qg3 Ng6 24. f3 Nh5 25. Qf2 Qd7 26. fxe4 Bxh3 27. f5 Bxf1 28. Qxf1 Ne5 29. Bc3 Bf6 30. Nd2 Kh7 31. Kh1 Qf7 32. Re3 Rg8 33. Rh3 Rg4 0-1

[Event "Belgrade-chT Quality"]
[Site "Belgrade"]
[Date "2022.10.04"]
[Round "4.1"]
[White "Dimic, Pavle"]
[Black "Jovanovski, Slobodan"]
[Result "1-0"]
[WhiteElo "2352"]
[BlackElo "2221"]
[PlyCount "89"]
[EventDate "2022.10.01"]
[EventType "team-tourn"]
[EventRounds "11"]
[EventCountry "SRB"]
[SourceTitle "CBM 210 Extra"]
[Source "ChessBase"]
[SourceDate "2022.11.30"]
[SourceVersion "1"]
[SourceVersionDate "2022.11.30"]
[SourceQuality "1"]
[WhiteTeam "Belgrade Napredak"]
[BlackTeam "Belgrade Banjica"]
[WhiteTeamCountry "SRB"]
[BlackTeamCountry "SRB"]

1. d4 d5 2. c4 dxc4 3. Nf3 Nf6 4. e3 e6 5. Bxc4 a6 6. 0-0 b5 7. Be2 Bb7 8. a4 b4 9. Nbd2 Nbd7 10. a5 c5 11. Nc4 Qc7 12. b3 cxd4 13. Nxd4 Bc5 14. Bb2 0-0 15. Bf3 Rac8 16. Rc1 Rfd8 17. Qe2 Qb8 18. Rfd1 Qa8 19. Bxb7 Qxb7 20. Nf3 Ne4 21. Nfd2 Nef6 22. e4 Nf8 23. e5 Nd5 24. Ne4 Qa8 25. h4 h6 26. h5 Nh7 27. Qg4 Be7 28. Rd3 Kh8 29. Rg3 Bf8 30. Ncd6 Rxc1+ 31. Bxc1 Qa7 32. Bxh6 f5 33. Qg6 Rd7 34. Qxe6 fxe4 35. Qxd5 Qc7 36. Bf4 Re7 37. Nxe4 Qc8 38. Nd6 Qd7 39. Rg6 Qc7 40. Re6 Rd7 41. Re8 Qc2 42. Nf7+ Rxf7 43. Qxf7 g5 44. Bxg5 Qd1+ 45. Kh2 1-0

[Event "SRB-chT Premier"]
[Site "Vrnjacka Banja"]
[Date "2022.09.25"]
[Round "6.6"]
[White "Brenjo, Slavisa"]
[Black "Dimic, Pavle"]
[Result "1/2-1/2"]
[WhiteElo "2409"]
[BlackElo "2352"]
[PlyCount "39"]
[EventDate "2022.09.20"]
[EventType "team-tourn"]
[EventRounds "11"]
[EventCountry "SRB"]
[SourceTitle "CBM 210 Extra"]
[Source "ChessBase"]
[SourceDate "2022.11.30"]
[SourceVersion "1"]
[SourceVersionDate "2022.11.30"]
[SourceQuality "1"]
[WhiteTeam "Novi Sad SK"]
[BlackTeam "Elemir Naftagas"]
[WhiteTeamCountry "SRB"]
[BlackTeamCountry "SRB"]

1. e4 c5 2. Nf3 d6 3. d4 cxd4 4. Nxd4 Nf6 5. Nc3 Nc6 6. Bc4 e6 7. Be3 a6 8. Bb3 Qc7 9. f4 Be7 10. 0-0 0-0 11. f5 Kh8 12. Qf3 Bd7 13. Qh3 Nxd4 14. Bxd4 e5 15. Bf2 Bc6 16. Rfe1 b5 17. Bh4 b4 18. Bxf6 Bxf6 19. Nd5 Bxd5 20. Bxd5 1/2-1/2

[Event "SRB-chT Premier"]
[Site "Vrnjacka Banja"]
[Date "2022.09.23"]
[Round "4.6"]
[White "Dimic, Pavle"]
[Black "Perunovic, Miodrag"]
[Result "1-0"]
[WhiteElo "2352"]
[BlackElo "2413"]
[PlyCount "79"]
[EventDate "2022.09.20"]
[EventType "team-tourn"]
[EventRounds "11"]
[EventCountry "SRB"]
[SourceTitle "CBM 210 Extra"]
[Source "ChessBase"]
[SourceDate "2022.11.30"]
[SourceVersion "1"]
[SourceVersionDate "2022.11.30"]
[SourceQuality "1"]
[WhiteTeam "Elemir Naftagas"]
[BlackTeam "Pozega"]
[WhiteTeamCountry "SRB"]
[BlackTeamCountry "SRB"]

1. d4 Nf6 2. Nf3 g6 3. c4 Bg7 4. g3 0-0 5. Bg2 d6 6. 0-0 Nbd7 7. Nc3 e5 8. e4 exd4 9. Nxd4 Re8 10. h3 Nc5 11. Re1 a5 12. Qc2 a4 13. Be3 c6 14. Rab1 Qe7 15. Rbd1 Nfd7 16. f4 Qd8 17. Nde2 Qa5 18. Rxd6 Qb4 19. Rdd1 Qxc4 20. Bf2 Nf8 21. Nd4 a3 22. b3 Qb4 23. e5 h5 24. Qd2 Nfe6 25. Nc2 Qb6 26. b4 h4 27. bxc5 Qc7 28. g4 g5 29. fxg5 Bxe5 30. Ne4 Rd8 31. Qe3 Bf4 32. Qc3 Rxd1 33. Rxd1 Be5 34. Nf6+ Kf8 35. Qe3 Ra4 36. Re1 Bh2+ 37. Kh1 Rc4 38. Qd3 Rf4 39. Qh7 Ke7 40. Qh8 1-0

[Event "IBCA World-chT blind 9th"]
[Site "Ohrid"]
[Date "2022.07.01"]
[Round "4.3"]
[White "Dimic, Pavle"]
[Black "Somender, BL."]
[Result "1-0"]
[WhiteElo "2356"]
[BlackElo "1491"]
[PlyCount "58"]
[EventDate "2022.06.28"]
[EventType "team-swiss"]
[EventRounds "9"]
[EventCountry "MKD"]
[SourceTitle "EXT 2024"]
[Source "ChessBase"]
[SourceDate "2023.10.10"]
[SourceVersion "1"]
[SourceVersionDate "2023.10.10"]
[SourceQuality "1"]
[WhiteTeam "Serbia"]
[BlackTeam "India"]
[WhiteTeamCountry "SRB"]
[BlackTeamCountry "IND"]

1. d4 Nf6 2. Nf3 g6 3. c4 Bg7 4. g3 c5 5. Bg2 0-0 6. 0-0 cxd4 7. Nxd4 Nc6 8. Nc3 Qb6 9. e3 d6 10. b3 Bd7 11. Bb2 Rfc8 12. h3 h5 13. Qe2 Qd8 14. Rfd1 Qe8 15. Nf3 a6 16. e4 Rab8 17. Nd5 Nxd5 18. exd5 Bxb2 19. dxc6 Bxa1 20. cxd7 Qxd7 21. Rxa1 b5 22. cxb5 Rxb5 23. Re1 e5 24. Qd2 Qe7 25. Bf1 Rb6 26. Bc4 Kg7 27. h4 Qf6 28. Ng5 Rc7 29. Re3 Qd8 1-0

[Event "Belgrade Premier League"]
[Site "Belgrade"]
[Date "2021.10.04"]
[Round "4.6"]
[White "Dimic, Pavle"]
[Black "Carnic, Srdjan"]
[Result "1-0"]
[WhiteElo "2334"]
[BlackElo "2279"]
[PlyCount "90"]
[EventDate "2021.10.01"]
[EventType "team-tourn"]
[EventRounds "11"]
[EventCountry "SRB"]
[SourceTitle "CBM 204 Extra"]
[Source "ChessBase"]
[SourceDate "2021.11.30"]
[SourceVersion "1"]
[SourceVersionDate "2021.11.30"]
[SourceQuality "1"]
[WhiteTeam "Belgrade Napredak"]
[BlackTeam "Belgrade Radnicki"]
[WhiteTeamCountry "SRB"]
[BlackTeamCountry "SRB"]

1. d4 Nf6 2. c4 e6 3. Nc3 Bb4 4. e3 0-0 5. Bd2 d6 6. Bd3 c5 7. Nge2 e5 8. d5 Bg4 9. f3 Bh5 10. g4 Bg6 11. e4 Nbd7 12. h4 h5 13. Ng3 a6 14. Qe2 Rb8 15. Rg1 b5 16. cxb5 c4 17. Bxc4 axb5 18. Bd3 Nc5 19. Bc2 hxg4 20. Rc1 Bxc3 21. bxc3 gxf3 22. Qxf3 Nfxe4 23. Bxe4 Qxh4 24. Bb1 e4 25. Qf4 Qe7 26. Qg5 Rfe8 27. Qxe7 Rxe7 28. Bf4 Rb6 29. Kf1 Ra6 30. Re1 e3 31. Bxg6 fxg6 32. Rxe3 Rxe3 33. Bxe3 Nd3 34. Rg2 Ra4 35. Rd2 Ne5 36. Re2 b4 37. Bd4 Nf3 38. Kf2 Nxd4 39. cxd4 b3 40. axb3 Rxd4 41. Rb2 Rxd5 42. b4 Rb5 43. Ne4 Rb6 44. Ke3 Kf7 45. Kd4 Ke6 1-0

[Event "Belgrade Premier League"]
[Site "Belgrade"]
[Date "2021.10.01"]
[Round "1.2"]
[White "Dimic, Pavle"]
[Black "Radojicic, Aleksandar M"]
[Result "1-0"]
[WhiteElo "2334"]
[BlackElo "2036"]
[PlyCount "91"]
[EventDate "2021.10.01"]
[EventType "team-tourn"]
[EventRounds "11"]
[EventCountry "SRB"]
[SourceTitle "CBM 204 Extra"]
[Source "ChessBase"]
[SourceDate "2021.11.30"]
[SourceVersion "1"]
[SourceVersionDate "2021.11.30"]
[SourceQuality "1"]
[WhiteTeam "Belgrade Napredak"]
[BlackTeam "Grocka"]
[WhiteTeamCountry "SRB"]
[BlackTeamCountry "SRB"]

1. d4 Nf6 2. c4 c5 3. d5 b5 4. cxb5 a6 5. bxa6 g6 6. Nc3 Bxa6 7. e4 Bxf1 8. Kxf1 d6 9. Nf3 Bg7 10. g3 0-0 11. Kg2 Nbd7 12. a4 Ra6 13. Qc2 Qa8 14. Re1 Rc8 15. b3 Ng4 16. Bb2 c4 17. b4 Nge5 18. Nd4 Nd3 19. Nc6 Nxe1+ 20. Rxe1 Raxc6 21. dxc6 Qxc6 22. Nd5 Bf8 23. Qc3 f6 24. b5 Qb7 25. Qd4 Kf7 26. Rc1 e6 27. Nb4 d5 28. Nc6 Bc5 29. Qd2 Rxc6 30. bxc6 Qxc6 31. Rd1 Qxa4 32. exd5 Qa8 33. Qh6 Nf8 34. Qf4 exd5 35. Qxf6+ Ke8 36. Re1+ Kd7 37. Qf7+ Kc6 38. Re8 Qb7 39. Qf6+ Kb5 40. Bd4 Nd7 41. Qf4 c3 42. Qe3 Bxd4 43. Qxd4 Qc6 44. Re3 c2 45. Rb3+ Ka5 46. Qb4+ 1-0

[Event "SRB-chT Premier"]
[Site "Vrnjacka Banja"]
[Date "2021.09.13"]
[Round "8.2"]
[White "Marinovic, Bozidar"]
[Black "Dimic, Pavle"]
[Result "1/2-1/2"]
[WhiteElo "2337"]
[BlackElo "2338"]
[PlyCount "36"]
[EventDate "2021.09.07"]
[EventType "team-tourn"]
[EventRounds "11"]
[EventCountry "SRB"]
[SourceTitle "CBM 204 Extra"]
[Source "ChessBase"]
[SourceDate "2021.11.30"]
[SourceVersion "1"]
[SourceVersionDate "2021.11.30"]
[SourceQuality "1"]
[WhiteTeam "Belgrade Politika"]
[BlackTeam "Elemir Naftagas"]
[WhiteTeamCountry "SRB"]
[BlackTeamCountry "SRB"]

1. e4 c6 2. Nc3 d5 3. Nf3 Bg4 4. h3 Bxf3 5. Qxf3 Nf6 6. g3 e6 7. Bg2 Bc5 8. d3 Nbd7 9. 0-0 0-0 10. Qe2 Qc7 11. Kh2 dxe4 12. Nxe4 Nxe4 13. Qxe4 e5 14. Bd2 a5 15. f4 exf4 16. Bxf4 Bd6 17. Rae1 Nf6 18. Bxd6 Qxd6 1/2-1/2

[Event "SRB-chT Premier"]
[Site "Vrnjacka Banja"]
[Date "2021.09.08"]
[Round "2.3"]
[White "Dimic, Pavle"]
[Black "Omorjan, Dejan"]
[Result "0-1"]
[WhiteElo "2338"]
[BlackElo "2340"]
[PlyCount "144"]
[EventDate "2021.09.07"]
[EventType "team-tourn"]
[EventRounds "11"]
[EventCountry "SRB"]
[SourceTitle "CBM 204 Extra"]
[Source "ChessBase"]
[SourceDate "2021.11.30"]
[SourceVersion "1"]
[SourceVersionDate "2021.11.30"]
[SourceQuality "1"]
[WhiteTeam "Elemir Naftagas"]
[BlackTeam "Novi Sad SK"]
[WhiteTeamCountry "SRB"]
[BlackTeamCountry "SRB"]

1. d4 d5 2. c4 e6 3. Nc3 Bb4 4. e3 Nf6 5. Nf3 0-0 6. Bd2 b6 7. cxd5 exd5 8. Rc1 Re8 9. Bd3 Ba6 10. Bxa6 Nxa6 11. Qa4 Qc8 12. 0-0 Qb7 13. Ne5 c5 14. a3 Bxc3 15. Bxc3 Ne4 16. f3 Nxc3 17. Rxc3 c4 18. Qd1 Nc7 19. Re1 Rad8 20. Ng4 Nb5 21. Rc2 Re7 22. Nf2 Nd6 23. Rce2 Nf5 24. Qd2 h6 25. Qc3 b5 26. g4 Nh4 27. e4 Qb6 28. Rd1 dxe4 29. fxe4 Rxd4 30. Rxd4 Qxd4 31. Qxd4 Nf3+ 32. Kg2 Nxd4 33. Rd2 Ne6 34. Kg3 Kf8 35. Rd5 Rb7 36. Nd1 b4 37. axb4 Rxb4 38. Ra5 Rb3+ 39. Kf2 Ng5 40. Rxa7 Nxe4+ 41. Ke2 Rh3 42. Rc7 Rxh2+ 43. Ke3 Nd6 44. Nf2 h5 45. Rd7 Ne8 46. g5 Rg2 47. Rd5 Rg3+ 48. Kf4 Rb3 49. Rd2 c3 50. bxc3 Rxc3 51. Ne4 Rc6 52. Rd7 Rc7 53. Rd5 Rc1 54. Ra5 Rf1+ 55. Kg3 Re1 56. Kf4 Nc7 57. Ra7 Ne6+ 58. Kf3 g6 59. Ra8+ Kg7 60. Ra5 Rg1 61. Kf2 Rg4 62. Kf3 Rf4+ 63. Ke3 Rf5 64. Rxf5 gxf5 65. Nf2 Kg6 66. Nh3 f4+ 67. Nxf4+ Nxf4 68. Kxf4 h4 69. Kg4 h3 70. Kxh3 Kxg5 71. Kg3 Kf5 72. Kf3 f6 0-1

[Event "SRB-chT Premier"]
[Site "Vrnjacka Banja"]
[Date "2021.09.07"]
[Round "1.4"]
[White "Tadic, Branko"]
[Black "Dimic, Pavle"]
[Result "1-0"]
[WhiteElo "2476"]
[BlackElo "2338"]
[PlyCount "85"]
[EventDate "2021.09.07"]
[EventType "team-tourn"]
[EventRounds "11"]
[EventCountry "SRB"]
[SourceTitle "CBM 204 Extra"]
[Source "ChessBase"]
[SourceDate "2021.11.30"]
[SourceVersion "1"]
[SourceVersionDate "2021.11.30"]
[SourceQuality "1"]
[WhiteTeam "Vladimirci"]
[BlackTeam "Elemir Naftagas"]
[WhiteTeamCountry "SRB"]
[BlackTeamCountry "SRB"]

1. Nf3 Nf6 2. g3 g6 3. b3 Bg7 4. Bb2 0-0 5. Bg2 d6 6. d4 b5 7. 0-0 Bb7 8. Qd3 a6 9. c4 bxc4 10. bxc4 Nbd7 11. Nbd2 Rb8 12. Rab1 Re8 13. Ba1 e6 14. e4 e5 15. d5 Nc5 16. Qe3 Nfd7 17. Bc3 Ba8 18. Rxb8 Qxb8 19. Rb1 Qa7 20. Nb3 Rb8 21. Nfd2 c6 22. Bh3 cxd5 23. cxd5 f5 24. exf5 Bxd5 25. fxg6 hxg6 26. Rd1 Qb7 27. Na5 Qc7 28. Ndc4 Nf6 29. Nxd6 Na4 30. Bxe5 Qxa5 31. Bxf6 Bxf6 32. Be6+ Kg7 33. Qa7+ Kh6 34. Bxd5 Qb6 35. Qd7 Nc5 36. Nf7+ Kg7 37. Qh3 Kf8 38. Qh6+ Bg7 39. Qf4 Bf6 40. Qh6+ Bg7 41. Qf4 Bf6 42. Bc4 Re8 43. Nd6 1-0

[Event "Belgrade Serbia op"]
[Site "Belgrade"]
[Date "2021.07.07"]
[Round "8"]
[White "Schreiner, Peter"]
[Black "Dimic, Pavle"]
[Result "1-0"]
[WhiteElo "2441"]
[BlackElo "2337"]
[PlyCount "87"]
[EventDate "2021.07.02"]
[EventType "swiss"]
[EventRounds "9"]
[EventCountry "SRB"]
[SourceTitle "EXT 2022"]
[Source "ChessBase"]
[SourceDate "2021.10.06"]
[SourceVersion "1"]
[SourceVersionDate "2021.10.06"]
[SourceQuality "1"]

1. d4 Nf6 2. c4 g6 3. Nc3 Bg7 4. e4 d6 5. Be2 0-0 6. Bg5 c5 7. d5 e6 8. Nf3 exd5 9. cxd5 h6 10. Bh4 a6 11. a4 g5 12. Bg3 Nh5 13. Nd2 Nxg3 14. hxg3 Qe7 15. g4 Nd7 16. Nc4 Rb8 17. Ne3 Nf6 18. f3 Qe5 19. Nc4 Qe7 20. a5 Nd7 21. Na4 Be5 22. Rxh6 Kg7 23. Rh3 Bd4 24. Qd2 Ne5 25. Rh5 f6 26. 0-0-0 Nxc4 27. Bxc4 Bd7 28. Rdh1 Rh8 29. Nb6 Rxh5 30. gxh5 Rh8 31. g4 Be5 32. Kb1 Bf4 33. Qd3 Kh6 34. Nxd7 Qxd7 35. e5 Rg8 36. e6 Qh7 37. Qxh7+ Kxh7 38. Bd3+ Kg7 39. h6+ Kh8 40. Kc2 Re8 41. Bg6 Re7 42. Kd3 Rc7 43. Re1 Re7 44. b4 1-0

[Event "Belgrade Serbia op"]
[Site "Belgrade"]
[Date "2021.07.06"]
[Round "7"]
[White "Dimic, Pavle"]
[Black "Csonka, Balazs"]
[Result "1/2-1/2"]
[WhiteElo "2337"]
[BlackElo "2498"]
[PlyCount "32"]
[EventDate "2021.07.02"]
[EventType "swiss"]
[EventRounds "9"]
[EventCountry "SRB"]
[SourceTitle "EXT 2022"]
[Source "ChessBase"]
[SourceDate "2021.10.06"]
[SourceVersion "1"]
[SourceVersionDate "2021.10.06"]
[SourceQuality "1"]

1. d4 Nf6 2. c4 e6 3. Nc3 Bb4 4. e3 0-0 5. Bd2 c5 6. a3 Bxc3 7. Bxc3 Ne4 8. Ne2 b6 9. f3 Nxc3 10. Nxc3 d6 11. Be2 Bb7 12. 0-0 Qg5 13. Qd3 cxd4 14. exd4 e5 15. d5 Nd7 16. b4 Qe7 1/2-1/2

[Event "Belgrade Serbia op"]
[Site "Belgrade"]
[Date "2021.07.06"]
[Round "6"]
[White "Stukan, Martin"]
[Black "Dimic, Pavle"]
[Result "1/2-1/2"]
[WhiteElo "2431"]
[BlackElo "2337"]
[PlyCount "80"]
[EventDate "2021.07.02"]
[EventType "swiss"]
[EventRounds "9"]
[EventCountry "SRB"]
[SourceTitle "CBM 203 Extra"]
[Source "ChessBase"]
[SourceDate "2021.09.30"]
[SourceVersion "1"]
[SourceVersionDate "2021.09.30"]
[SourceQuality "1"]

1. Nf3 Nf6 2. c4 g6 3. Nc3 Bg7 4. e4 d6 5. d4 0-0 6. Bd3 Bg4 7. Be2 Nfd7 8. Be3 c5 9. d5 Na6 10. h3 Bxf3 11. gxf3 Nc7 12. h4 a6 13. a4 Re8 14. h5 e6 15. hxg6 hxg6 16. dxe6 Nxe6 17. Qxd6 Nd4 18. Bxd4 cxd4 19. Nd5 d3 20. Bxd3 Ne5 21. Qxd8 Nxf3+ 22. Kd1 Raxd8 23. Rb1 Ne5 24. Kc2 Rc8 25. Nb6 Rc6 26. a5 Rf6 27. Rhf1 Ng4 28. c5 Rxf2+ 29. Rxf2 Nxf2 30. c6 bxc6 31. Bxa6 Nxe4 32. Bb7 Nc5 33. Bxc6 Re2+ 34. Kd1 Rf2 35. Nc4 Bh6 36. b4 Rf1+ 37. Kc2 Rf2+ 38. Kd1 Rf1+ 39. Kc2 Rf2+ 40. Kd1 Rf1+ 1/2-1/2

[Event "Belgrade Serbia op"]
[Site "Belgrade"]
[Date "2021.07.03"]
[Round "2"]
[White "Gavrilescu, David"]
[Black "Dimic, Pavle"]
[Result "1-0"]
[WhiteElo "2470"]
[BlackElo "2337"]
[PlyCount "115"]
[EventDate "2021.07.02"]
[EventType "swiss"]
[EventRounds "9"]
[EventCountry "SRB"]
[SourceTitle "CBM 203 Extra"]
[Source "ChessBase"]
[SourceDate "2021.09.30"]
[SourceVersion "1"]
[SourceVersionDate "2021.09.30"]
[SourceQuality "1"]

1. e4 c6 2. Nf3 d5 3. d3 dxe4 4. dxe4 Qxd1+ 5. Kxd1 Nf6 6. Nfd2 g5 7. a4 h5 8. Nc3 g4 9. Nc4 Bh6 10. Bxh6 Rxh6 11. f4 gxf3 12. gxf3 Be6 13. Bd3 Nbd7 14. Ke2 Bxc4 15. Bxc4 Ne5 16. Bb3 Ng6 17. Ke3 e5 18. Rad1 Ke7 19. h4 Nf4 20. Rhg1 Rg6 21. Ne2 Rxg1 22. Rxg1 Nxe2 23. Rg7 Nd5+ 24. Kxe2 Nf4+ 25. Ke3 Rf8 26. Bc4 a5 27. c3 Ne6 28. Bxe6 Kxe6 29. Rg5 Rh8 30. f4 f6 31. Rg7 exf4+ 32. Kxf4 Rb8 33. b3 b5 34. Rh7 bxa4 35. bxa4 Rb3 36. Rxh5 Rxc3 37. Rxa5 Rh3 38. Rh5 Rh1 39. a5 Ra1 40. Rc5 Kd6 41. Rf5 Ke6 42. h5 Ra3 43. h6 Rh3 44. a6 Rxh6 45. a7 Rh8 46. Ra5 Ra8 47. Ra6 Ke7 48. Kf5 Kf7 49. Ra1 Ke7 50. Rh1 Kd6 51. Rh7 c5 52. Kxf6 Rf8+ 53. Rf7 Re8 54. e5+ Kd5 55. Rb7 Re6+ 56. Kf7 Ra6 57. e6 Kc6 58. Rd7 1-0

[Event "Titled Tuesday intern op 15th June"]
[Site "Chess.com INT"]
[Date "2021.06.15"]
[Round "9"]
[White "Dimic, Pavle"]
[Black "Shuvalova, Polina"]
[Result "1-0"]
[WhiteElo "2347"]
[BlackElo "2489"]
[PlyCount "65"]
[EventDate "2021.06.15"]
[EventType "swiss (blitz)"]
[EventRounds "11"]
[EventCountry "USA"]
[SourceTitle "CBM 203 Extra"]
[Source "ChessBase"]
[SourceDate "2021.09.30"]
[SourceVersion "1"]
[SourceVersionDate "2021.09.30"]
[SourceQuality "1"]

1. d4 Nf6 2. Nf3 b6 3. c4 Bb7 4. Nc3 d5 5. Bg5 dxc4 6. e3 Nbd7 7. Bxc4 e6 8. 0-0 Be7 9. Qe2 0-0 10. Rfd1 a6 11. Rac1 b5 12. Bb3 h6 13. Bh4 Rc8 14. a3 Re8 15. e4 Nxe4 16. Nxe4 Bxh4 17. Nc5 Nxc5 18. dxc5 Qe7 19. c6 Ba8 20. Rd7 Qf6 21. Ne5 Bg5 22. Rc3 Bf4 23. Nxf7 Re7 24. Rf3 Bxc6 25. Rxf4 Qxf4 26. Rxe7 Qc1+ 27. Qf1 Qxb2 28. Bxe6 Qxa3 29. Nd6+ Kh8 30. Nxc8 Qc5 31. h3 Be4 32. Qa1 Bg6 33. Qxg7# 1-0

[Event "Titled Tuesday intern op 11th May"]
[Site "Chess.com INT"]
[Date "2021.05.11"]
[Round "1"]
[White "Dimic, Pavle"]
[Black "Kollars, Dmitrij"]
[Result "0-1"]
[WhiteElo "2347"]
[BlackElo "2607"]
[PlyCount "42"]
[EventDate "2021.05.11"]
[EventType "swiss (blitz)"]
[EventRounds "11"]
[EventCountry "USA"]
[SourceTitle "CBM 202 Extra"]
[Source "ChessBase"]
[SourceDate "2021.07.31"]
[SourceVersion "1"]
[SourceVersionDate "2021.07.31"]
[SourceQuality "1"]

1. d4 Nf6 2. Nf3 g6 3. c4 Bg7 4. g3 0-0 5. Bg2 d5 6. cxd5 Nxd5 7. 0-0 Nc6 8. Nc3 e5 9. Nxd5 e4 10. Nd2 Qxd5 11. Nxe4 Qxd4 12. Nc3 Be6 13. Be3 Qb4 14. Na4 Rfd8 15. Qc2 Bd5 16. Bc5 Qb5 17. e4 Bc4 18. Rfd1 Rxd1+ 19. Rxd1 Bxa2 20. Bf1 Qb3 21. Bd3 Ne5 0-1

[Event "Titled Tuesday intern op 04th May"]
[Site "Chess.com INT"]
[Date "2021.05.04"]
[Round "4"]
[White "Bellahcene, Bilel"]
[Black "Dimic, Pavle"]
[Result "1-0"]
[WhiteElo "2508"]
[BlackElo "2347"]
[PlyCount "31"]
[EventDate "2021.05.04"]
[EventType "swiss (blitz)"]
[EventRounds "11"]
[EventCountry "USA"]
[SourceTitle "CBM 202 Extra"]
[Source "ChessBase"]
[SourceDate "2021.07.31"]
[SourceVersion "1"]
[SourceVersionDate "2021.07.31"]
[SourceQuality "1"]

1. e4 c5 2. Nf3 Nc6 3. b4 cxb4 4. d4 d5 5. exd5 Qxd5 6. c4 bxc3 7. Nxc3 Qa5 8. d5 Ne5 9. Bd2 Nxf3+ 10. Qxf3 a6 11. Rc1 Qd8 12. Bb5+ Bd7 13. Bxd7+ Qxd7 14. 0-0 Nf6 15. Rfe1 g6 16. Qxf6 1-0